000 00881cam a22002413a 4500
001 30894
003 PGUSA
005 20140828083652.0
008 100108s2010||||xxu|||||s|||||000 i eng d
040 _aPGUSA
_beng
042 _adc
050 4 _aPR
100 1 _aStevenson, Robert Louis,
_d1850-1894
245 1 4 _aThe Works of Robert Louis Stevenson - Swanston Edition, Vol. 23
_h[electronic resource] /
_cRobert Louis Stevenson
260 _bProject Gutenberg,
_c2010
505 0 _aThe letters of Robert Louis Stevenson: Student days at Edinburgh. Advocate and author. The amateur emigrant. Alpine winters and Highland summers.
506 _aPublic domain in the USA.
516 _aElectronic text
653 _aStevenson, Robert Louis, 1850-1894 -- Correspondence
830 0 _aProject Gutenberg
_v30894
856 4 0 _uhttp://www.gutenberg.org/ebooks/30894
942 _cEB
999 _c260149
_d260149